Inovácie v klastroch kreatívneho priemyslu
Inovácie ako kľúčový prvok v rozvoji kultúrnych a kreatívnych sektorov. Kultúrne a kreatívne sektory a ich hospodársky potenciál. Využitie kultúrnych a kreatívnych sektorov na riešenie ekonomických a sociálnych problémov Európy. Inovačný potenciál klastrov v kreatívnom priemysle a vplyv súčasnej pan...
Na minha lista:
| Autor principal: | |
|---|---|
| Formato: | Capítulo de Livro |
| Idioma: | eslovaco |
| Assuntos: | |
| Tags: |
Sem tags, seja o primeiro a adicionar uma tag!
|
MARC
| LEADER | 00000naa$a2200000$$$4500 | ||
|---|---|---|---|
| 001 | 0281319 | ||
| 005 | 20240502074357.3 | ||
| 041 | 0 | |a slo | |
| 044 | |a SK | ||
| 245 | 1 | 0 | |a Inovácie v klastroch kreatívneho priemyslu |c Denisa Gajdová |
| 520 | |a Inovácie ako kľúčový prvok v rozvoji kultúrnych a kreatívnych sektorov. Kultúrne a kreatívne sektory a ich hospodársky potenciál. Využitie kultúrnych a kreatívnych sektorov na riešenie ekonomických a sociálnych problémov Európy. Inovačný potenciál klastrov v kreatívnom priemysle a vplyv súčasnej pandémie Covid-19 na túto skutočnosť na Slovensku. | ||
| 610 | 2 | 0 | |a priemysel kreatívny |
| 610 | 2 | 0 | |a priemysel kultúrny |
| 610 | 2 | 0 | |a podnik |
| 610 | 2 | 0 | |a inovácia |
| 610 | 2 | 0 | |a klaster |
| 610 | 2 | 0 | |a pandémia |
| 610 | 2 | 0 | |a Slovensko |
| 100 | 1 | |a Gajdová, Denisa, 1977- | |